| 000 | 00731nam a22002297a 4500 | ||
|---|---|---|---|
| 008 | 151001b xxu||||| |||| 00| 0 eng d | ||
| 020 | _a9780073530635 (alk. paper) | ||
| 020 | _a0073530638 (alk. paper) | ||
| 041 | 0 | _aeng | |
| 080 | _a336 KAP | ||
| 100 | 1 | _a0073530638 (alk. paper) | |
| 245 | 1 | 0 |
_aFocus on personal finance : _cJack R. Kapoor, Les R. Dlabay, Robert J. Hughes. |
| 250 | _a2nd ed. | ||
| 260 |
_aBoston : _bMcGraw-Hill/Irwin, _cc2008. |
||
| 300 |
_axxiv, 504 f. : _bme il.; _c28 cm. |
||
| 650 | 0 | _aFinanca | |
| 650 | 0 | _aPersonale | |
| 650 | 0 | _aInvestime | |
| 700 | 1 | _aDlabay, Les R. | |
| 700 | 1 | _aHughes, Robert James, | |
| 942 |
_2udc _cBK |
||
| 999 |
_c1207 _d1207 |
||